[Event "IECC CL6-2001.09"]
[Site "IECC email"]
[Date "2001.02.23"]
[Round "?"]
[White "Ljubic, Drazen"]
[Black "Colard, Eric"]
[Result "0-1"]
[WhiteElo "1253"]
[BlackElo "1200"]
[PlyCount "28"]
[EventDate "2001.??.??"]
[EventType "tourn (corr)"]
[EventRounds "4"]
[SourceTitle "Corr 2008"]
[Source "ChessBase"]
[SourceDate "2008.06.24"]
[SourceVersion "1"]
[SourceVersionDate "2008.06.24"]
[SourceQuality "1"]

1. d4 Nf6 2. c4 g6 3. Nf3 Bg7 4. Bf4 0-0 5. e3 d5 6. Nc3 c5 7. dxc5 Ne4 8. Nxe4 dxe4 9. Qxd8 Rxd8 10. Nd4 e5 11. Bg5 f6 12. Ne6 Bxe6 13. Bh4 Na6 14. c6 Nb4 0-1

[Event "IECC CL6-2001.09"]
[Site "IECC email"]
[Date "2001.02.23"]
[Round "?"]
[White "Ljubic, Drazen"]
[Black "Sloan, John"]
[Result "1/2-1/2"]
[WhiteElo "1242"]
[BlackElo "1234"]
[PlyCount "47"]
[EventDate "2001.??.??"]
[EventType "tourn (corr)"]
[EventRounds "4"]
[SourceTitle "Corr 2008"]
[Source "ChessBase"]
[SourceDate "2008.06.24"]
[SourceVersion "1"]
[SourceVersionDate "2008.06.24"]
[SourceQuality "1"]

1. d4 d5 2. c4 e6 3. Nf3 Nf6 4. e3 dxc4 5. Bxc4 c5 6. 0-0 a6 7. dxc5 Qxd1 8. Rxd1 Bxc5 9. a3 b5 10. Bd3 0-0 11. b4 Be7 12. Bb2 Bb7 13. Be2 Rd8 14. Rxd8+ Bxd8 15. Nbd2 Nc6 16. Bd3 Be7 17. Ne4 Rd8 18. Nxf6+ Bxf6 19. Bxf6 Rxd3 20. Ne5 Nxe5 21. Bxe5 Bd5 22. h3 h6 23. a4 Bc4 24. axb5 1/2-1/2